00737 2200241 4500001002100000005001700021008004100038020002200079035002400101040001200125082001600137084002000153100001900173245011400192250001100306260004400317300003200361504002700393650002700420700001400447850001200461990002200473INLIS00000000002872720170621090524.0  a978-602-0808-21-5 0010-061700000000635 aYOPDYOG 2[23]a910.4 aDEP 910.4 Sya T aSYAMSUL ARIFIN a31 travelling destination, Busan Koreab: sebuah catatan perjalananc/ Syamsul Arifin ; penyunting, Tristanti aCet.1. aYogyakartabTrans Idea Publishingc2016 a244 hlm.b: ilus.c; 19 cm. aBibliografi : hlm. 243 aKorea-Kisah perjalanan aTristanti aYOPDYOG aCB-D.11/2016-2164